000
00291nam a2200109Ia 4500
008
200302s9999 xx 000 0 und d
100
_a
Robin Langley & Other
245
_a
American Architecture An Illustrated History
260
_b
Crescent Books Published
260
_c
1996
300
_a
144 P.,
999
_c
2125
_d
2125